1558 1353 1679 1807 1474 1471 1475 1664 1925 1911 1422 1568 1472 1414 1546 1477 1491 1317 1578 1732 1611 1057 1632 1366 1257 1202 1554 1610 1202 1754 1424 1851 1060 1084 1292 1690 1019 1990 1468 1208 1631 1405 1181 1212 1038 1130 1197 1378 1150 1897 1279 1345 1333 1951 1690 1526 1569 1506 1946 1133 1684 1448 1245 1138 1289 1838 1620 1868 1518 1754 1977 1528 1211 1295 1751 1142 1692 1314 1416 1333 1487 1274 1353 1060 1961 1078 1094 1483 1639 1464 1207 1825 1195 1837 1591 1317 1340 1185 1735 BCNSPRNW ULIB Ver.6.0+V

เปลี่ยนเป็นภาษาไทย

Change to English
 แสดงรายละเอียดบรรณานุกรม
  กลับหน้าหลัก

Brief Record : Get Marc (ISO 2709) : E-mail record : QR code < ปิดหน้าต่าง
LEADER : 00000nam 2200000uu 4500
001    13399110943
003     ULIB
008    110613s||||||||th 000 0 tha d
020    9749183320
050  4 AC158^bอ951ด 2004
100    แอนนิต้า กาเนรี่
245    เด็กๆรู้ไหมทำไมอูฐมีหนอก/ ^cผู้แต่ง แอนนิต้า กาเนรี่
260    กรุงเทพฯ : ^bโกรเลียร์ อินเตอร์เนชั่นแนล, ^c2004
300    32 หน้า : ^bภาพประกอบสี ; ^c28 ซม.
650  7 ความรู้รอบตัว
650  7 อูฐ
945    ^p350^l0^i029026
995    ทศพร
999 ^a ใช้งานได้ทุกระบบ
รายการนี้ยังไม่มีแท็ก
คุณยังไม่ได้ล็อกอิน คุณสามารถมีกิจกรรมร่วมกับเว็บไซต์ได้ แต่ต้องล็อกอินก่อน ::
  ล็อกอิน

รายการสื่อสารสนเทศ

ลำดับที่ ประเภท เลขเรียก/บาร์โค้ด สถานที่ สถานะ
- ไม่พบข้อมูล -

รายการใกล้เคียง
    ผู้แต่ง [แอนนิต้า กาเนรี่]

    หัวเรื่อง [ความรู้รอบตัว]

BibComment


ยังไม่เคยถูกคอมเมนท์

คอมเมนท์ทรัพยากรรายการนี้
  คอมเมนท์: เด็กๆรู้ไหมทำไมอู..


 Copyright 2026. Bcnsprnw @Library